000 01231nam a2200325 i 4500
001 13334
003 KOSZ 005
005 20200425185011.0
008 070608s1970 pl a f f 000 0 pol
015 _aPB 1971/2245
035 _a(OCoLC)839020912
040 _aWA N
_cWA N
_dKOSZ 005/KK
080 _a658.012.4:657
100 1 _aTerebucha, Eufemiusz
_d(1909-1983)
_eAutor.
245 1 0 _aSystem informacji ekonomicznej w przedsiębiorstwie :
_bmetody, organizacja i powiązanie z rachunkowością /
_cEufemiusz Terebucha.
260 _aWarszawa :
_bPaństwowe Wydawnictwo Ekonomiczne,
_c1970.
300 _a371, [1] strony :
_bilustracje. ;
_c18 cm.
336 _2rdacontent
_aTekst
_btxt
337 _2rdamedia
_aBez urządzenia pośredniczącego
_bn
338 _2rdacarrier
_aWolumin
_bnc
380 _aKsiążki.
504 _aBibliografia na stronach 359-[368].
658 _aGospodarka, ekonomia, finanse
650 4 _aPrzedsiębiorstwo
650 4 _aZarządzanie
650 4 _aRachunkowość
710 2 _aPaństwowe Wydawnictwo Ekonomiczne
_4pbl.
856 _uhttp://koha.tu.koszalin.pl/cgi-bin/koha/opac-detail.pl?biblionumber=13334
_yKatalog online BPK
942 _2UKD
_cKS
999 _c13334
_d13334